000
00269nam a2200133Ia 4500
100
_a
Griver V.A
942
_c
BK
654
_a
Foxpro 2.6
245
_a
Foxpro 2.6
260
_b
BPB Pub
_a
New Delhi
_c
1994
082
_a
005.13 'FOX'
546
_a
ENGLISH
999
_c
18821
_d
18821